Halal Tourism / by (Record no. 903)
[ view plain ]
| 000 -LEADER | |
|---|---|
| fixed length control field | 00877nam a22002777a 4500 |
| 001 - CONTROL NUMBER | |
| control field | 03553 |
| 003 - CONTROL NUMBER IDENTIFIER | |
| control field | HDC |
| 007 - PHYSICAL DESCRIPTION FIXED FIELD--GENERAL INFORMATION | |
| fixed length control field | cr bn ---aaaaa |
| 008 - FIXED-LENGTH DATA ELEMENTS--GENERAL INFORMATION | |
| fixed length control field | 210110t2018 -uk||||| |||| 00| 0 eng |
| 020 ## - INTERNATIONAL STANDARD BOOK NUMBER | |
| International Standard Book Number | 978-1138238695 |
| 040 ## - CATALOGING SOURCE | |
| Original cataloging agency | HDC |
| 100 ## - MAIN ENTRY--PERSONAL NAME | |
| Personal name | Mohamed Mohamed Battour |
| 9 (RLIN) | 3049 |
| 245 #0 - TITLE STATEMENT | |
| Title | Halal Tourism / by |
| Statement of responsibility, etc. | Mohamed Mohamed Battour |
| 260 ## - PUBLICATION, DISTRIBUTION, ETC. | |
| Place of publication, distribution, etc. | United Kingdom : |
| Name of publisher, distributor, etc. | Routledge, |
| Date of publication, distribution, etc. | 2018 |
| 300 ## - PHYSICAL DESCRIPTION | |
| Extent | 6 pages |
| 336 ## - CONTENT TYPE | |
| Content type term | text |
| Source | rdacontent |
| 337 ## - MEDIA TYPE | |
| Media type term | computer |
| Source | rdamedia |
| 338 ## - CARRIER TYPE | |
| Carrier type term | online resource |
| Source | rdacarrier |
| 650 ## - SUBJECT ADDED ENTRY--TOPICAL TERM | |
| Topical term or geographic name entry element | Halal tourism |
| 9 (RLIN) | 529 |
| 650 ## - SUBJECT ADDED ENTRY--TOPICAL TERM | |
| Topical term or geographic name entry element | Muslim friendly destination |
| 9 (RLIN) | 3050 |
| 650 ## - SUBJECT ADDED ENTRY--TOPICAL TERM | |
| Topical term or geographic name entry element | Muslim travel |
| 9 (RLIN) | 3051 |
| 856 ## - ELECTRONIC LOCATION AND ACCESS | |
| Public note | Request full-text at [email protected] |
| 942 ## - ADDED ENTRY ELEMENTS (KOHA) | |
| Source of classification or shelving scheme | Library of Congress Classification |
| 942 ## - ADDED ENTRY ELEMENTS (KOHA) | |
| Koha item type | Chapter in Books |
| 942 ## - ADDED ENTRY ELEMENTS (KOHA) | |
| Call number prefix | EBCH 001602 |
| Withdrawn status | Lost status | Source of classification or shelving scheme | Damaged status | Not for loan | Home library | Current library | Shelving location | Date acquired | Total checkouts | Full call number | Date last seen | Price effective from | Koha item type |
|---|---|---|---|---|---|---|---|---|---|---|---|---|---|
| Library of Congress Classification | Halal Development Corporation Library | Halal Development Corporation Library | Open Shelves | 24/05/2023 | EBCH 001602 | 24/05/2023 | 24/05/2023 | Chapter in Books |
